000 00410nam a2200193Ia 4500
001 13145
003 GE_BSU
008 181216s||||||||xx |||||||||||||| ||und||
040 _cGE_BSU
080 _a821.111-31
100 _aBrown,Sandra.
245 _aLove's Encore.
260 _aNew York.
260 _bWarner Books.
260 _c1981
300 _a260p;18cm.
653 _aLove's Encore.
942 _cBK
999 _c46309
_d46309